000 00277 a2200109 4500
001 63323
082 _a621.3848 KOM
090 _c37368
_d37368
100 _aKomarov,Lgor.V.
245 _aFundamentals of short-Range FM Radar
260 _aBoston
_bArtech House, Boston
_c2003
942 _aNUST-CAE
_k621.3848 KOM
999 _c298396
_d298396